000 00548nam a2200229Ia 4500
003 OSt
005 20220918204204.0
006 a|||||r|||| 00| 0
007 ta
008 220917b |||||||| |||| 00| 0 eng d
024 _a111,354
037 _cTextual
040 _aARTS
_cARTS
_beng
041 _2eng
_aeng
082 _aV53:10Q:K9, 122K4
100 _aCognet L
_9110987
245 0 _aJanseisme
260 _c1964
650 _aHISTORY
942 _hV53:10Q:K9, 122K4
_cTEXL
_2CC
999 _c234703
_d234703